| 000 | 00815cam a2200193 4500 | ||
|---|---|---|---|
| 008 | 000000n2000 000 0 eng u | ||
| 035 | _a(Sirsi) u107849 | ||
| 245 | _aCouncil not liable for fatally locked windows | ||
| 260 | _c2000 | ||
| 350 |
_aTimes _v11 August 2000, 28(1) |
||
| 520 | _a"Adams and another v Rhymney Valley DC" CA 11 August 2000. Held that a local authority was not in breach of its duty of care to occupiers who were not able to get out of locked windows with removable keys when fire broke out. Available on http://www-the -times.co.uk | ||
| 650 | _aADAMS AND ANOTHER V RHYMNEY VALLEY DC | ||
| 650 | _aBREACH OF DUTY OF CARE | ||
| 650 | _aLOCKED WINDOWS | ||
| 650 | _aREMOVABLE KEYS | ||
| 650 | _aFIRE | ||
| 690 | _aLANDLORD AND TENANT-RESIDENTIAL TENANCIES-CASE LAW | ||
| 942 | _n0 | ||
| 999 |
_c100726 _d100726 |
||